[Event "4NCL/Div4/OXF2 vs. PAP"]
[Site "Nottingham ENG"]
[Date "2006.02.12"]
[Round "6.3"]
[White "Rawlinson, Christopher J"]
[Black "Sheldon, Ruth"]
[Result "0-1"]
[WhiteElo "2055"]
[BlackElo "2256"]
[PlyCount "84"]
[EventDate "2006.02.12"]
[SourceDate "2005.10.25"]

1. e4 c5 2. Nc3 Nc6 3. g3 g6 4. Bg2 Bg7 5. d3 d6 6. Be3 e6 7. Qd2 Nge7 8. Bh6
Bf6 9. f4 Qb6 10. e5 Nf5 11. Ne4 Bd8 12. Nxd6+ Nxd6 13. exd6 Qxb2 14. Rc1 Bf6
15. c3 Qxd2+ 16. Kxd2 Kd7 17. Nf3 Kxd6 18. Ng5 Bxg5 19. Bxg5 f5 20. Rhe1 Bd7
21. Rb1 b6 22. Bf6 Rhg8 23. d4 cxd4 24. cxd4 Rgf8 25. Be5+ Nxe5 26. dxe5+ Ke7
27. Re3 Rac8 28. Bb7 Rc7 29. Ba6 Ba4 30. Ra3 Rd8+ 31. Ke3 Be8 32. Rb4 Rd5 33.
Rc4 Rdc5 34. Kd4 Rxc4+ 35. Bxc4 Bc6 36. Bb3 Bb5 37. Ke3 Rc3+ 38. Kd2 Rd3+ 39.
Kc2 a5 40. Ra4 Bxa4 41. Kxd3 Bxb3 42. axb3 Kd7 0-1

[Event "4NCL/Div4/OXF2 vs. PAP"]
[Site "Nottingham ENG"]
[Date "2006.02.12"]
[Round "6.4"]
[White "Forbes, Cathy"]
[Black "Ludbrook, Matt"]
[Result "1/2-1/2"]
[WhiteElo "2075"]
[BlackElo "2050"]
[PlyCount "51"]
[EventDate "2006.02.12"]
[SourceDate "2005.10.25"]

1. d4 Nf6 2. Nf3 g6 3. Nc3 Bg7 4. e4 d6 5. h3 c5 6. dxc5 Qa5 7. Bb5+ Bd7 8.
Bxd7+ Nbxd7 9. cxd6 Nxe4 10. O-O Nxd6 11. Bf4 Nc4 12. Qd5 Bxc3 13. Qxc4 Bg7 14.
Rad1 Nb6 15. Qb3 Qa4 16. Be5 Qxb3 17. axb3 Bxe5 18. Nxe5 Rc8 19. c3 f6 20. Nf3
Kf7 21. Nd4 Rhd8 22. f4 Nd5 23. Rde1 a6 24. b4 Nxb4 25. Ne6 Rd6 26. Ng5+
1/2-1/2

[Event "4NCL/Div4/OXF2 vs. PAP"]
[Site "Nottingham ENG"]
[Date "2006.02.12"]
[Round "6.5"]
[White "Morris, Graham"]
[Black "Lang, Heather"]
[Result "0-1"]
[WhiteElo "2025"]
[BlackElo "2040"]
[PlyCount "32"]
[EventDate "2006.02.12"]
[SourceDate "2005.10.25"]

1. e4 e5 2. Nf3 Nc6 3. d4 exd4 4. Nxd4 Bc5 5. Nxc6 Qf6 6. Qd2 dxc6 7. Nc3 Be6
8. Bd3 O-O-O 9. Qf4 Qxf4 10. Bxf4 Ne7 11. Bg3 Rhe8 12. O-O-O Ng6 13. Rhf1 f6
14. f4 Be3+ 15. Kb1 Bg4 16. Ne2 Rxd3 0-1

[Event "4NCL/Div4/OXF2 vs. PAP"]
[Site "Nottingham ENG"]
[Date "2006.02.12"]
[Round "6.6"]
[White "Kieran, Rosalind A"]
[Black "Bruce, Dave"]
[Result "1/2-1/2"]
[WhiteElo "2015"]
[BlackElo "2015"]
[PlyCount "46"]
[EventDate "2006.02.12"]
[SourceDate "2005.10.25"]

1. e4 e6 2. d4 d5 3. e5 c5 4. c3 Nc6 5. Nf3 Bd7 6. Be2 Nge7 7. Na3 Ng6 8. Nc2
Be7 9. O-O O-O 10. Bd3 c4 11. Be2 Rc8 12. Be3 f6 13. exf6 Bxf6 14. Re1 Be7 15.
Qd2 Bd6 16. Bg5 Qc7 17. g3 Be8 18. Nh4 h6 19. Bg4 Nxh4 20. Bxe6+ Bf7 21. Bxh4
Rce8 22. Bf5 Bh5 23. Be6+ Bf7 1/2-1/2

[Event "4NCL/Div4/CHED vs. MET"]
[Site "Nottingham ENG"]
[Date "2006.02.12"]
[Round "6.1"]
[White "Shaw, Robert"]
[Black "Noden, Nicolas"]
[Result "0-1"]
[WhiteElo "2240"]
[BlackElo "2150"]
[PlyCount "120"]
[EventDate "2006.02.12"]
[SourceDate "2005.10.25"]

1. d4 d6 2. e4 g6 3. Nc3 Bg7 4. Nf3 a6 5. a4 Bg4 6. Be3 Nc6 7. Be2 e5 8. d5
Nce7 9. Nd2 Bxe2 10. Qxe2 Nf6 11. O-O-O O-O 12. f4 exf4 13. Bxf4 Qd7 14. Nf3 b5
15. e5 dxe5 16. Nxe5 Qf5 17. Rhf1 Nh5 18. Nd3 Nxd5 19. Bd2 Nxc3 20. Bxc3 Qg5+
21. Bd2 Qd5 22. Nb4 Qc5 23. Qf3 Rad8 24. Nd3 Qc4 25. Kb1 bxa4 26. g4 a3 27.
gxh5 a2+ 28. Ka1 Qxc2 29. Bc3 Bxc3 30. Rc1 Qxd3 31. Rxc3 Qxf3 32. Rfxf3 Rd7 33.
Rf6 a5 34. h6 Rb8 35. Kxa2 Kf8 36. Ra6 Rd2 37. Rxc7 Rdxb2+ 38. Ka3 Rxh2 39. Rf6
Rh3+ 40. Ka4 Rh4+ 41. Kxa5 Rxh6 42. Ka6 Rh1 43. Ka7 Rb2 44. Rcxf7+ Kg8 45. Rf8+
Kg7 46. R8f7+ Kh6 47. Ra6 Rhh2 48. Rd6 Rb5 49. Ra6 Kg5 50. Ra1 h5 51. Ka6 Rbb2
52. Rg1+ Rhg2 53. Rd1 Rg3 54. Ra1 Kg4 55. Rh7 Rf2 56. Rh1 g5 57. Kb5 h4 58. Kc4
Kf3 59. Kd5 Kg2 60. Rb1 h3 0-1

[Event "4NCL/Div4/CHED vs. MET"]
[Site "Nottingham ENG"]
[Date "2006.02.12"]
[Round "6.2"]
[White "Calvert, D Ian"]
[Black "Wallace, Paul"]
[Result "0-1"]
[WhiteElo "2075"]
[BlackElo "2235"]
[PlyCount "78"]
[EventDate "2006.02.12"]
[SourceDate "2005.10.25"]

1. b3 c5 2. Bb2 Nc6 3. Nf3 Nf6 4. c4 e6 5. g3 Be7 6. Bg2 O-O 7. O-O d5 8. cxd5
exd5 9. d4 b6 10. Nc3 Bf5 11. Rc1 Rc8 12. Ne5 Nxd4 13. e3 Nc6 14. Nxc6 Rxc6 15.
Nxd5 Nxd5 16. Qxd5 Qxd5 17. Bxd5 Rd6 18. e4 Be6 19. Be5 Rd7 20. Bxe6 fxe6 21.
Rfd1 Rfd8 22. Rxd7 Rxd7 23. Bf4 Bf6 24. Kf1 Bb2 25. Rc2 Rd1+ 26. Ke2 Rb1 27.
Kd3 e5 28. Be3 Kf7 29. Kc4 Ke6 30. Kb5 Bd4 31. Ka6 Kd6 32. Kxa7 Kc6 33. Bxd4
exd4 34. f4 b5 35. e5 d3 36. Rd2 c4 37. f5 Re1 38. e6 Re2 39. Rd1 d2 0-1

[Event "4NCL/Div4/CHED vs. MET"]
[Site "Nottingham ENG"]
[Date "2006.02.12"]
[Round "6.3"]
[White "Richardson, Alex"]
[Black "Dickson, George"]
[Result "0-1"]
[WhiteElo "2200"]
[BlackElo "2090"]
[PlyCount "118"]
[EventDate "2006.02.12"]
[SourceDate "2005.10.25"]

1. e4 e5 2. Nf3 Nc6 3. Bc4 Nf6 4. d4 exd4 5. e5 d5 6. Bb5 Ne4 7. Nxd4 Bc5 8.
Be3 Bd7 9. Bxc6 bxc6 10. Nd2 Qe7 11. O-O O-O 12. f4 f6 13. Nxe4 dxe4 14. exf6
Qxf6 15. c3 Bd6 16. Qa4 Qg6 17. Rf2 Rf7 18. Qc4 c5 19. Ne2 Be6 20. Qa4 h5 21.
Qc6 Rb8 22. Ng3 Bd7 23. Qxe4 Qxe4 24. Nxe4 Re7 25. Nxd6 cxd6 26. Bc1 Re1+ 27.
Rf1 Rbe8 28. Bd2 Rxa1 29. Rxa1 Re2 30. Rd1 Bc6 31. Bc1 Rxg2+ 32. Kf1 Rxh2 33.
Rxd6 Be4 34. Bd2 c4 35. Kg1 Rg2+ 36. Kf1 h4 37. Rd4 Bf3 38. f5 h3 39. Bf4 h2
40. Bxh2 Rxh2 41. b3 Rxa2 42. bxc4 Rc2 43. Rd8+ Kf7 44. Rd7+ Kf6 45. Rxa7 Rxc3
46. Kf2 Be4 47. Rc7 Bxf5 48. c5 Be4 49. Rc8 g5 50. Rf8+ Ke5 51. Rg8 Kf4 52.
Rf8+ Bf5 53. Ra8 Rxc5 54. Rf8 g4 55. Rf7 Rc3 56. Kg1 Kg3 57. Kf1 Be4 58. Re7
Bf3 59. Re1 Rd3 0-1

[Event "4NCL/Div4/CHED vs. MET"]
[Site "Nottingham ENG"]
[Date "2006.02.12"]
[Round "6.4"]
[White "Djabri, Zafer M"]
[Black "Acey, Gerald"]
[Result "1/2-1/2"]
[WhiteElo "2080"]
[BlackElo "2140"]
[PlyCount "104"]
[EventDate "2006.02.12"]
[SourceDate "2005.10.25"]

1. c4 g6 2. Nc3 Bg7 3. g3 e5 4. Bg2 Nf6 5. e4 d6 6. Nge2 c6 7. O-O O-O 8. f4
exf4 9. gxf4 Be6 10. d3 Qd7 11. f5 gxf5 12. Bg5 Ne8 13. Ng3 fxe4 14. Bxe4 f5
15. Bg2 Nf6 16. Qd2 Na6 17. Rae1 Rae8 18. Nce2 d5 19. Nf4 dxc4 20. Nxe6 Rxe6
21. Rxe6 Qxe6 22. Nxf5 Nd5 23. dxc4 Rxf5 24. Rxf5 Qxf5 25. cxd5 cxd5 26. Qxd5+
Qxd5 27. Bxd5+ Kf8 28. Bxb7 Nc5 29. Bd5 Bxb2 30. Be3 Ba3 31. Bh6+ Ke7 32. Bg8
Bb2 33. Be3 Kd6 34. Bxh7 a5 35. Bc2 Bc3 36. Kg2 Ne6 37. h4 Ke5 38. Kh3 Kf6 39.
Kg4 Kg7 40. a4 Kf6 41. Bd3 Nd4 42. Bg5+ Kg7 43. h5 Ne6 44. Be3 Nc7 45. Kf5 Nd5
46. Bg5 Nb6 47. Bc2 Kh8 48. Ke4 Kg7 49. Kd3 Bb4 50. h6+ Kg8 51. Kd4 Bf8 52. Bd8
Nxa4 1/2-1/2

[Event "4NCL/Div4/CHED vs. MET"]
[Site "Nottingham ENG"]
[Date "2006.02.12"]
[Round "6.5"]
[White "Bennett, Patrick"]
[Black "Djabri, Katherine"]
[Result "1-0"]
[WhiteElo "2080"]
[BlackElo "2065"]
[PlyCount "81"]
[EventDate "2006.02.12"]
[SourceDate "2005.10.25"]

1. d4 Nf6 2. c4 g6 3. Nc3 Bg7 4. e4 d6 5. Be2 O-O 6. Nf3 e5 7. d5 Ne8 8. Bg5 f6
9. Bh4 g5 10. Bg3 f5 11. exf5 Bxf5 12. h4 g4 13. Ng5 h5 14. Bd3 Bh6 15. Bxf5
Rxf5 16. Qd3 Ng7 17. Nce4 Na6 18. Ne6 Qd7 19. N4g5 Re8 20. O-O Bxg5 21. Nxg5
Nc5 22. Qc2 Qa4 23. b3 Qb4 24. f3 gxf3 25. Rxf3 e4 26. Rxf5 Nxf5 27. Be1 Qb6
28. Bf2 a5 29. Re1 Qb4 30. Nxe4 Nxe4 31. Rxe4 Rxe4 32. Qxe4 Ng7 33. Be1 Qc5+
34. Kh2 Qa3 35. Bc3 Qc1 36. Qd4 Nf5 37. Qh8+ Kf7 38. Qh7+ Ke8 39. Qxh5+ Ke7 40.
Qh7+ Ke8 41. Qg8+ 1-0

[Event "4NCL/Div4/CHED vs. MET"]
[Site "Nottingham ENG"]
[Date "2006.02.12"]
[Round "6.6"]
[White "Cooke, Charlie"]
[Black "Gregory, Philip J"]
[Result "0-1"]
[WhiteElo "1880"]
[BlackElo "2030"]
[PlyCount "26"]
[EventDate "2006.02.12"]
[SourceDate "2005.10.25"]

1. d4 d5 2. c4 c6 3. e3 Nf6 4. Nf3 Bf5 5. Nc3 e6 6. Be2 Nbd7 7. Nh4 Bg6 8. O-O
Bd6 9. a3 Ne4 10. Nxg6 Bxh2+ 11. Kh1 hxg6 12. Nxe4 Bg3+ 13. Bh5 Qh4+ 0-1

[Event "4NCL/Div4/WWKS2 vs. GUI4"]
[Site "Nottingham ENG"]
[Date "2006.02.12"]
[Round "6.1"]
[White "Hunt, Malcolm A"]
[Black "Punnett, Alan K"]
[Result "0-1"]
[WhiteElo "2105"]
[BlackElo "2155"]
[PlyCount "70"]
[EventDate "2006.02.12"]
[SourceDate "2005.10.25"]

1. d4 Nf6 2. Nf3 d5 3. Bf4 c5 4. c3 Qb6 5. Qb3 Nc6 6. Nbd2 c4 7. Qxb6 axb6 8.
a3 Nh5 9. Bc7 b5 10. Rc1 Kd7 11. Bg3 f6 12. e4 Nxg3 13. hxg3 Kd6 14. exd5 Kxd5
15. Rh5+ g5 16. Nxg5 fxg5 17. Rxg5+ e5 18. Be2 Ke6 19. Bg4+ Kf7 20. Bxc8 Rxc8
21. dxe5 Bh6 22. e6+ Kxe6 23. Rxb5 Bxd2+ 24. Kxd2 Rhd8+ 25. Kc2 Rd7 26. Rh1 Kf6
27. Rh6+ Kg7 28. Rbh5 Kg8 29. g4 Re8 30. Rf6 Re2+ 31. Kb1 Kg7 32. Rfh6 Rd1+ 33.
Ka2 Ree1 34. Rxh7+ Kf8 35. Rh8+ Ke7 0-1

[Event "4NCL/Div4/WWKS2 vs. GUI4"]
[Site "Nottingham ENG"]
[Date "2006.02.12"]
[Round "6.2"]
[White "Horton, Justin"]
[Black "Gordon, Callum"]
[Result "1-0"]
[WhiteElo "2110"]
[BlackElo "2060"]
[PlyCount "77"]
[EventDate "2006.02.12"]
[SourceDate "2005.10.25"]

1. Nf3 g6 2. d4 Bg7 3. c4 Nf6 4. g3 c5 5. Bg2 cxd4 6. Nxd4 O-O 7. O-O Nc6 8.
Nc3 Ng4 9. e3 Nge5 10. b3 d6 11. Bb2 Bg4 12. f3 Bd7 13. Qd2 Nxd4 14. exd4 Nc6
15. Nd5 e6 16. Ne3 Qb6 17. Rad1 Rad8 18. Kh1 Ne7 19. Bc3 Qa6 20. a4 b6 21. f4
f6 22. Bb4 Bc8 23. d5 e5 24. Qe2 f5 25. fxe5 Bxe5 26. Nc2 Rde8 27. Qd2 Kh8 28.
Nd4 Bd7 29. Rfe1 Ng8 30. Nf3 Rf7 31. Rxe5 dxe5 32. Bc3 Nf6 33. Nxe5 Kg8 34.
Nxf7 Kxf7 35. Qd4 Nh5 36. Bf3 Re4 37. Bxe4 fxe4 38. Rf1+ Ke7 39. Qe5+ 1-0

[Event "4NCL/Div4/WWKS2 vs. GUI4"]
[Site "Nottingham ENG"]
[Date "2006.02.12"]
[Round "6.3"]
[White "Cooper, David M"]
[Black "Stimpson, Philip M"]
[Result "1/2-1/2"]
[WhiteElo "2080"]
[BlackElo "2090"]
[PlyCount "68"]
[EventDate "2006.02.12"]
[SourceDate "2005.10.25"]

1. e4 d5 2. exd5 Nf6 3. Nf3 Nxd5 4. d4 g6 5. Be2 Bg7 6. O-O O-O 7. h3 Nc6 8. c3
Re8 9. Na3 e5 10. dxe5 Nxe5 11. Nxe5 Bxe5 12. Bf3 c6 13. Re1 Bf5 14. Nc4 Bg7
15. Rxe8+ Qxe8 16. Nd6 Qd7 17. Nxf5 Qxf5 18. Bxd5 cxd5 19. Be3 b6 20. Qa4 Qe4
21. Qxe4 dxe4 22. Rd1 b5 23. Rd5 a6 24. Kf1 Bf6 25. Rd6 Be5 26. Rd7 Kg7 27. Ke2
Re8 28. Bd4 Bxd4 29. Rxd4 Re6 30. a4 f5 31. axb5 axb5 32. Rd7+ Kh6 33. Rb7 Re5
34. Ke3 Rd5 1/2-1/2

[Event "4NCL/Div4/WWKS2 vs. GUI4"]
[Site "Nottingham ENG"]
[Date "2006.02.12"]
[Round "6.4"]
[White "Hill, David F"]
[Black "Staniforth, John"]
[Result "1-0"]
[WhiteElo "2070"]
[BlackElo "1950"]
[PlyCount "43"]
[EventDate "2006.02.12"]
[SourceDate "2005.10.25"]

1. Nf3 e6 2. d4 Nf6 3. g3 b6 4. Bg2 Bb7 5. c4 c5 6. d5 exd5 7. Nh4 Be7 8. cxd5
Ng4 9. d6 Nc6 10. dxe7 Qxe7 11. h3 Nge5 12. Nf5 Qf6 13. Nd6+ Ke7 14. Nxb7 Rab8
15. Nc3 Qe6 16. Nd5+ Kf8 17. Nf4 Qf6 18. Qd6+ Qxd6 19. Nxd6 Nd4 20. Be4 g6 21.
Nd5 f5 22. Bh6+ 1-0

[Event "4NCL/Div4/WWKS2 vs. GUI4"]
[Site "Nottingham ENG"]
[Date "2006.02.12"]
[Round "6.5"]
[White "Birch, Harvey"]
[Black "Smart, Michael R"]
[Result "0-1"]
[WhiteElo "1755"]
[BlackElo "2070"]
[PlyCount "54"]
[EventDate "2006.02.12"]
[SourceDate "2005.10.25"]

1. c4 g6 2. g3 Nf6 3. Bg2 Bg7 4. Nc3 c5 5. e4 Nc6 6. d3 O-O 7. Nge2 Ne8 8. Be3
Nd4 9. f4 d6 10. Rb1 Bg4 11. h3 Bxe2 12. Nxe2 Qa5+ 13. Nc3 Nc7 14. O-O Rab8 15.
Kh2 b5 16. b4 cxb4 17. Nd5 Nxd5 18. cxd5 Qxa2 19. Bxd4 Bxd4 20. Rxb4 Bc3 21.
Rb3 b4 22. f5 a5 23. Qb1 Qxb1 24. Rbxb1 a4 25. Bf3 a3 26. Rf2 b3 27. Bd1 a2 0-1

[Event "4NCL/Div4/WWKS2 vs. GUI4"]
[Site "Nottingham ENG"]
[Date "2006.02.12"]
[Round "6.6"]
[White "Dekker, Alain"]
[Black "Birch, Fay"]
[Result "1-0"]
[WhiteElo "2070"]
[BlackElo "1670"]
[PlyCount "41"]
[EventDate "2006.02.12"]
[SourceDate "2005.10.25"]

1. e4 e5 2. f4 Nc6 3. Nf3 Bc5 4. fxe5 Qe7 5. d4 Bb6 6. Nc3 f6 7. Nd5 Ba5+ 8. c3
Qd8 9. Bd3 h6 10. Nh4 h5 11. O-O d6 12. exf6 Nxf6 13. Ng6 Rh7 14. b4 Bb6 15. b5
Nb8 16. Qb3 Bg4 17. Nxf6+ gxf6 18. Qg8+ Kd7 19. Qxh7+ Kc8 20. Ne7+ Kd7 21. Nc6+
1-0

[Event "4NCL/Div4/ATH1 vs. NOTT1"]
[Site "Nottingham ENG"]
[Date "2006.02.12"]
[Round "6.1"]
[White "Johansson, Toni"]
[Black "Barnes, Michael H"]
[Result "0-1"]
[WhiteElo "2185"]
[BlackElo "2200"]
[PlyCount "88"]
[EventDate "2006.02.12"]
[SourceDate "2005.10.25"]

1. e4 c5 2. Nf3 Nc6 3. Nc3 g6 4. d4 cxd4 5. Nxd4 Bg7 6. Be3 Nf6 7. Bc4 O-O 8.
Bb3 d6 9. f3 Na5 10. Qd2 Nxb3 11. Nxb3 Be6 12. Bh6 d5 13. Bxg7 Kxg7 14. e5 Nd7
15. f4 Nb6 16. O-O-O a5 17. Nd4 Nc4 18. Qf2 Qc8 19. Qh4 Qc5 20. Rd3 Qb4 21. Nd1
Ra6 22. g4 Rh8 23. c3 Qc5 24. f5 Nxe5 25. Re3 Nc4 26. Ree1 Bc8 27. Rxe7 h6 28.
fxg6 Rxg6 29. Rf1 Rf8 30. Nf5+ Bxf5 31. gxf5 Rg5 32. Qe1 b5 33. h4 Rg2 34. Ne3
Nxb2 35. Nxg2 Nd3+ 36. Kc2 Nxe1+ 37. Rfxe1 d4 38. Nf4 d3+ 39. Kb2 Qc4 40. Ne6+
Kg8 41. Nxf8 d2 42. Ng6 fxg6 43. Re8+ Kg7 44. f6+ Kf7 0-1

[Event "4NCL/Div4/ATH1 vs. NOTT1"]
[Site "Nottingham ENG"]
[Date "2006.02.12"]
[Round "6.2"]
[White "Richmond, Robert J"]
[Black "Pedersen, Carsten"]
[Result "0-1"]
[WhiteElo "2190"]
[BlackElo "2175"]
[PlyCount "98"]
[EventDate "2006.02.12"]
[SourceDate "2005.10.25"]

1. d4 Nf6 2. c4 Nc6 3. Nf3 e6 4. Nc3 Bb4 5. Qc2 d6 6. Bd2 Qe7 7. a3 Bxc3 8.
Bxc3 O-O 9. e4 e5 10. d5 Nd4 11. Bxd4 exd4 12. Bd3 Nxe4 13. O-O Nf6 14. Rae1
Qd8 15. Nxd4 Bd7 16. h3 Re8 17. g4 g6 18. f4 c6 19. dxc6 bxc6 20. Qf2 Qb6 21.
f5 g5 22. Nf3 Qxf2+ 23. Kxf2 h6 24. b4 Kf8 25. a4 Rxe1 26. Rxe1 Rb8 27. b5 d5
28. Rb1 dxc4 29. Bxc4 cxb5 30. axb5 Ne4+ 31. Ke3 Nc3 32. Ra1 Bxb5 33. Bxb5 Nxb5
34. Ra6 Rb6 35. Ra2 Ke7 36. Nd4 Nxd4 37. Rxa7+ Kf6 38. Kxd4 Rb3 39. Ra6+ Kg7
40. Ke5 Re3+ 41. Kd4 Rxh3 42. Ra4 h5 43. Ke5 Re3+ 44. Kd4 Rg3 45. Ke5 hxg4 46.
Re4 Ra3 47. Re1 Ra5+ 48. Ke4 Kf6 49. Rb1 Re5+ 0-1

[Event "4NCL/Div4/ATH1 vs. NOTT1"]
[Site "Nottingham ENG"]
[Date "2006.02.12"]
[Round "6.3"]
[White "Stevenson, James A B"]
[Black "Mercs, Peter J"]
[Result "1/2-1/2"]
[WhiteElo "2195"]
[BlackElo "2110"]
[PlyCount "43"]
[EventDate "2006.02.12"]
[SourceDate "2005.10.25"]

1. d4 Nf6 2. Nf3 e6 3. g3 c5 4. c4 cxd4 5. Nxd4 d6 6. Bg2 Be7 7. Nc3 O-O 8. O-O
a6 9. b3 Qc7 10. Bb2 Nc6 11. Rc1 Nxd4 12. Qxd4 e5 13. Qd2 Be6 14. Nd5 Bxd5 15.
cxd5 Qd7 16. Rc4 Rac8 17. Rfc1 Rxc4 18. Rxc4 Ne8 19. e3 Bd8 20. Qc2 g6 21. Kh1
Ng7 22. Ba3 1/2-1/2

[Event "4NCL/Div4/ATH1 vs. NOTT1"]
[Site "Nottingham ENG"]
[Date "2006.02.12"]
[Round "6.4"]
[White "Halfpenny, Glenn"]
[Black "Roberts, Paul"]
[Result "1/2-1/2"]
[WhiteElo "2125"]
[BlackElo "2200"]
[PlyCount "36"]
[EventDate "2006.02.12"]
[SourceDate "2005.10.25"]

1. d4 b6 2. Nf3 Bb7 3. e3 e6 4. Bd3 f5 5. c4 Nf6 6. O-O Be7 7. Nc3 O-O 8. Qe2
c5 9. e4 cxd4 10. Nxd4 fxe4 11. Nxe4 Nc6 12. Nxc6 Bxc6 13. b3 Qc7 14. Bb2 Qf4
15. g3 Qh6 16. Nxf6+ Bxf6 17. Bxf6 Qxf6 18. Be4 Bxe4 1/2-1/2

[Event "4NCL/Div4/ATH1 vs. NOTT1"]
[Site "Nottingham ENG"]
[Date "2006.02.12"]
[Round "6.5"]
[White "Gruettner, Ralf"]
[Black "Truman, Richard G"]
[Result "1-0"]
[WhiteElo "2105"]
[BlackElo "2070"]
[PlyCount "83"]
[EventDate "2006.02.12"]
[SourceDate "2005.10.25"]

1. d4 Nf6 2. c4 g6 3. Nc3 d5 4. cxd5 Nxd5 5. e4 Nxc3 6. bxc3 Bg7 7. Bc4 c5 8.
Ne2 O-O 9. O-O cxd4 10. cxd4 Nc6 11. Be3 Bg4 12. f3 Na5 13. Bd3 Be6 14. Qa4 Bd7
15. Qa3 Nc6 16. Rac1 a6 17. Rfd1 b5 18. d5 Qa5 19. Qxa5 Nxa5 20. Rc7 Rfd8 21.
Kf2 Be5 22. Rcc1 Rdc8 23. f4 Bb2 24. Rxc8+ Rxc8 25. Rd2 Ba3 26. Rc2 Rxc2 27.
Bxc2 Nc4 28. Bd4 e6 29. dxe6 Bxe6 30. Bb3 Kf8 31. Nc3 Bb2 32. Ke2 b4 33. Bc5+
Kg8 34. Nd5 Na5 35. Bxb4 Nc6 36. Ne7+ Nxe7 37. Bxe7 a5 38. Bxe6 fxe6 39. a4 Kf7
40. Bd8 Bc3 41. Kd3 Bb4 42. Kc4 1-0

[Event "4NCL/Div4/ATH1 vs. NOTT1"]
[Site "Nottingham ENG"]
[Date "2006.02.12"]
[Round "6.6"]
[White "Burke, Steven J"]
[Black "McLaughlin, Noel"]
[Result "1/2-1/2"]
[WhiteElo "2065"]
[BlackElo "2030"]
[PlyCount "88"]
[EventDate "2006.02.12"]
[SourceDate "2005.10.25"]

1. d4 f5 2. e4 fxe4 3. Nc3 Nf6 4. f3 d5 5. Bg5 Nc6 6. Bb5 a6 7. Bxc6+ bxc6 8.
fxe4 dxe4 9. Bxf6 exf6 10. Qe2 Bf5 11. Nf3 Bb4 12. Nh4 Be6 13. Qxe4 Qd5 14.
Qxd5 cxd5 15. Kd2 Kf7 16. a3 Bd6 17. g3 c5 18. Nf3 Bh3 19. Rhe1 Rab8 20. dxc5
Bxc5 21. b4 Bd6 22. Nxd5 Rhd8 23. c4 Rbc8 24. Kd3 Bg2 25. Re3 Bb8 26. Rg1 Bxf3
27. Rxf3 Rc6 28. Re1 Kf8 29. h4 h5 30. Re4 Re8 31. Rxe8+ Kxe8 32. Nf4 Rd6+ 33.
Kc3 Rd1 34. Nxh5 Kf7 35. Nf4 Rg1 36. Ne2 Rg2 37. Re3 f5 38. c5 Bxg3 39. Rxg3
Rxe2 40. c6 Re6 41. c7 Rc6+ 42. Kd4 Rxc7 43. Ke5 g6 44. h5 Re7+ 1/2-1/2

[Event "4NCL/Div4/CAV vs. BRJ"]
[Site "Nottingham ENG"]
[Date "2006.02.12"]
[Round "6.1"]
[White "Harman, Kenneth B"]
[Black "Richmond, Peter A"]
[Result "1-0"]
[WhiteElo "2160"]
[BlackElo "2240"]
[PlyCount "103"]
[EventDate "2006.02.12"]
[SourceDate "2005.10.25"]

1. d4 d5 2. c4 c6 3. Nf3 e6 4. Nc3 dxc4 5. g3 Nf6 6. Bg2 Be7 7. Ne5 Nbd7 8.
Nxc4 O-O 9. O-O Nb6 10. b3 Nbd5 11. Bb2 b5 12. Ne5 Bb7 13. Rc1 Rc8 14. Ne4 Nxe4
15. Bxe4 f5 16. Bg2 c5 17. e4 Nf6 18. exf5 Bxg2 19. Kxg2 exf5 20. Qf3 Ne4 21.
Rfd1 cxd4 22. Rxd4 Qxd4 23. Bxd4 Rxc1 24. Bxa7 Bd6 25. Qd3 Rc7 26. Qd5+ Kh8 27.
Bd4 Bxe5 28. Qxe5 Rd7 29. h4 Rfd8 30. Be3 Rd5 31. Qe7 Nf6 32. Qb4 Re5 33. Bg5
Nd5 34. Qa5 Rc8 35. Qa6 Rce8 36. Kf3 b4 37. Bd2 Re4 38. h5 Kg8 39. h6 gxh6 40.
Bxh6 R4e6 41. Qb7 Rxh6 42. Qxd5+ Rhe6 43. Qc4 Kf7 44. Qxb4 Kg6 45. a4 Re4 46.
Qd6+ R8e6 47. Qd3 h5 48. a5 h4 49. gxh4 Rxh4 50. Qd5 Re1 51. a6 Ra1 52. Qe6+
1-0

[Event "4NCL/Div4/CAV vs. BRJ"]
[Site "Nottingham ENG"]
[Date "2006.02.12"]
[Round "6.2"]
[White "Richmond, Jane"]
[Black "Farrand, Julian T"]
[Result "1-0"]
[WhiteElo "2090"]
[BlackElo "2140"]
[PlyCount "163"]
[EventDate "2006.02.12"]
[SourceDate "2005.10.25"]

1. e4 Nc6 2. Nf3 e6 3. d4 d5 4. Nc3 Nf6 5. e5 Ne4 6. Bd3 Bb4 7. Bd2 Nxd2 8.
Qxd2 Be7 9. a3 b6 10. b4 Bb7 11. Ne2 g5 12. h4 gxh4 13. Qh6 Kd7 14. Nxh4 Qg8
15. Rh3 Qg4 16. Nf3 Bf8 17. Qf6 Qg7 18. Qxg7 Bxg7 19. Bxh7 f6 20. exf6 Bxf6 21.
O-O-O Raf8 22. c3 a5 23. Rdh1 axb4 24. axb4 Ra8 25. Bb1 Ba6 26. Rxh8 Rxh8 27.
Rxh8 Bxh8 28. Nf4 Bg7 29. Kd1 Kd6 30. Bd3 Bc8 31. Bb5 Na7 32. Ba4 c5 33. bxc5+
bxc5 34. Nd3 cxd4 35. cxd4 Nc6 36. Bxc6 Kxc6 37. Nfe5+ Kd6 38. f4 Ba6 39. Kd2
Bb5 40. Ke3 Ke7 41. Nc5 Be8 42. Nf3 Bh5 43. Ne5 Bd1 44. Ncd3 Ba4 45. g4 Bd1 46.
Kf2 Bxg4 47. Nxg4 Bxd4+ 48. Kf3 Bc3 49. Ke3 d4+ 50. Ke2 Kd6 51. Nf6 Ba5 52. Ne5
Kc5 53. Kd3 Bd8 54. Neg4 Bc7 55. Ne5 Bd8 56. Ke4 Ba5 57. Nfd7+ Kb5 58. Nf3 Kc6
59. Nde5+ Kb7 60. Nc4 Bc7 61. Nfe5 Bb8 62. Na5+ Kc8 63. Nac6 d3 64. Kxd3 Bc7
65. Nd4 Bd8 66. Nxe6 Bh4 67. Ke4 Bg3 68. f5 Bh4 69. Kd5 Be7 70. Kc6 Bh4 71. Nf7
Bf6 72. Nd6+ Kb8 73. Kd7 Ka7 74. Nf4 Bg5 75. Nd5 Ka6 76. Ke6 Bh4 77. Nf7 Kb5
78. Nf4 Kc6 79. Ng6 Be1 80. f6 Kc7 81. Nfe5 Bb4 82. f7 1-0

[Event "4NCL/Div4/CAV vs. BRJ"]
[Site "Nottingham ENG"]
[Date "2006.02.12"]
[Round "6.3"]
[White "Egan, Michael PW"]
[Black "Bourne, Johnathan"]
[Result "0-1"]
[WhiteElo "2080"]
[BlackElo "2145"]
[PlyCount "40"]
[EventDate "2006.02.12"]
[SourceDate "2005.10.25"]

1. Nf3 f5 2. c4 Nf6 3. g3 g6 4. Bg2 Bg7 5. O-O d6 6. d4 O-O 7. Nc3 Qe8 8. Re1
e5 9. dxe5 dxe5 10. e4 fxe4 11. Ng5 Nc6 12. Ngxe4 Be6 13. Nxf6+ Bxf6 14. Nd5
Qf7 15. Be3 Bg7 16. Qe2 Rae8 17. Rad1 Nd4 18. Bxd4 exd4 19. b3 Bg4 20. Ne7+
Rxe7 0-1

[Event "4NCL/Div4/CAV vs. BRJ"]
[Site "Nottingham ENG"]
[Date "2006.02.12"]
[Round "6.4"]
[White "Cabero, Pablo Padilla"]
[Black "Hamblin, David J"]
[Result "1/2-1/2"]
[WhiteElo "1955"]
[BlackElo "2025"]
[PlyCount "70"]
[EventDate "2006.02.12"]
[SourceDate "2005.10.25"]

1. e4 c5 2. Nc3 Nc6 3. g3 g6 4. Bg2 Bg7 5. d3 d6 6. Be3 e6 7. Qd2 Nd4 8. Nd1
Qb6 9. c3 Nc6 10. Ne2 Bd7 11. O-O Nge7 12. f4 Qc7 13. Rc1 O-O 14. d4 b6 15. b4
c4 16. g4 f5 17. d5 exd5 18. exd5 Nd8 19. g5 b5 20. Bd4 a5 21. a3 axb4 22. axb4
Bxd4+ 23. Nxd4 Ra3 24. Ne3 Qa7 25. Bf3 Nf7 26. Nec2 Ra2 27. Kg2 Qb6 28. Rfe1
Re8 29. h4 Nc8 30. Kg3 Ne5 31. fxe5 dxe5 32. Ne6 e4 33. Nc5 exf3 34. Kxf3 Qd6
35. Nxd7 Qxd7 1/2-1/2

[Event "4NCL/Div4/CAV vs. BRJ"]
[Site "Nottingham ENG"]
[Date "2006.02.12"]
[Round "6.5"]
[White "Tart, Peter"]
[Black "Hall, Joshua D"]
[Result "0-1"]
[WhiteElo "2015"]
[BlackElo "2020"]
[PlyCount "54"]
[EventDate "2006.02.12"]
[SourceDate "2005.10.25"]

1. e4 d5 2. d4 dxe4 3. Nc3 Nf6 4. f3 e5 5. Bg5 Qxd4 6. Qxd4 exd4 7. Nb5 Bb4+ 8.
c3 dxc3 9. Nxc7+ Kd7 10. O-O-O+ Kxc7 11. Bf4+ Kb6 12. bxc3 Ba3+ 13. Kc2 a6 14.
Be3+ Bc5 15. Bxc5+ Kxc5 16. Rd4 Bf5 17. g4 Bg6 18. g5 exf3+ 19. Kb2 Ne4 20.
Nxf3 Nc6 21. Rc4+ Kb6 22. h4 Ng3 23. Bg2 Nxh1 24. Bxh1 Rhe8 25. Nd4 Nxd4 26.
cxd4 Re2+ 27. Ka3 Be4 0-1

[Event "4NCL/Div4/CAV vs. BRJ"]
[Site "Nottingham ENG"]
[Date "2006.02.12"]
[Round "6.6"]
[White "Tomboline, David"]
[Black "Chapman, Timothy J"]
[Result "1/2-1/2"]
[WhiteElo "1985"]
[BlackElo "1855"]
[PlyCount "35"]
[EventDate "2006.02.12"]
[SourceDate "2005.10.25"]

1. d4 d5 2. Bf4 Nf6 3. e3 Bf5 4. Bd3 Bxd3 5. cxd3 e6 6. Nf3 c5 7. Bxb8 Qa5+ 8.
Nc3 Rxb8 9. O-O Be7 10. dxc5 Bxc5 11. a3 Be7 12. b4 Qa6 13. Qa4+ Qxa4 14. Nxa4
O-O 15. Nc5 Bd6 16. d4 Rfd8 17. Rfc1 b6 18. Nd3 1/2-1/2